ბათუმის შოთა რუსთაველის სახელმწიფო უნივერსიტეტის ბიბლიოთეკა

ტურიზმის თეორია : (ბიბ.ჩანაწერი № 40601)

000 -ლიდერი
ფიქსირებული სიგრძის საკონტროლო ველი 01221nam a2200253Ia 4500
001 - საკონტროლო ნომერი
საკონტროლო ველი 7226
003 - საკონტროლო ნომრის იდენტიფიკატორი
საკონტროლო ველი GE_BSU
005 - ბოლო ოპერაციის თარიღი და დრო
საკონტროლო ველი 20220527134419.0
008 - ფიქსირებული სიგრძის მონაცემთა ელემენტები - ზოგადი ინფორმაცია
ფიქსირებული სიგრძის საკონტროლო ველი 181216s2008||||ge |||||||||||||| ||geo||
020 ## - წიგნის საერთაშორისო სტანდარტული ნომერი
International Standard Book Number 9789994009923
041 ## - ენის კოდი
Language code of text/sound track or separate title geo
080 ## - უნივერსალური ათობითი კლასიფიკაციის ინდექსი
Universal Decimal Classification number 796.5(075.8) ბ–70
100 ## - მთავარი ჩანაწერი - პიროვნების სახელი
Personal name ბირჟაკოვი, მიხეილ
9 (RLIN) 3370
245 ## - ცნობა სათაურის შესახებ
Title ტურიზმის თეორია :
Statement of responsibility, etc მიხეილ ბირჟაკოვი ; [თარგმნა მარინა მეტრეველმა].
Remainder of title [სახელმძღვ. საშ. და უმაღლ. სასწ. სტუდ.] /
250 ## - გამოცემის ცნობა
Edition statement მე-2 გამოცემა
264 ## - წარმოების, გამოცემის, დისტრიბუციის და სხვა ცნობები
გამოცემის, წარმოების, დისტრიბუციის... ადგილი თბილისი :
გამოცემის, წარმოების, დისტრიბუციის... სახელწოდება შპს "ფორმა"
გამოცემის, წარმოების, დისტრიბუციის... თარიღი 2008.
300 ## - ფიზიკური აღწერა
Extent 270 გვ.:
Other physical details ცხრ.;
Dimensions 20 სმ.
504 ## - BIBLIOGRAPHY, ETC. NOTE
Bibliography, etc ბიბლიოგრ.: გვ. 256-264.
653 ## - INDEX TERM--UNCONTROLLED
Uncontrolled term ტურიზმის თეორია.
653 ## - INDEX TERM--UNCONTROLLED
Uncontrolled term სახელმძღვანელოები უმაღლესი სასწავლებლებისათვის.
700 ## - ADDED ENTRY--PERSONAL NAME
Personal name მეტრეველი, მარინა
Relator term მთარგმნელი
9 (RLIN) 12855
942 ## - ADDED ENTRY ELEMENTS (KOHA)
Koha item type წიგნი
Source of classification or shelving scheme
ეგზემპლარები
ჩამოწერის სტატუსი დაკარგული ეგზემპლარის სტატუსი კლასიფიკაციის წყარო ან თაროზე გაწყობის სქემა დაზიანების სტატუსი არ გაიცემა მუდმივი მდებარეობა (დაცვის ადგილი) ამჟამინდელი ადგილსამყოფელი თაროზე განთავსების ადგილი შეძენის თარიღი ღირებულება, შესყიდვის ნორმალური ფასი სრული შენახვის შიფრი შტრიხკოდი ბოლო ოპერაციის თარიღი ეგზემპლარის მიმდევრობითი ნომერი (კეტერი?) ფასის ძალაში შესვლის თარიღი ეგზემპლარის სახეობა საჯარო შენიშვნა
          ბათუმის შოთა რუსთაველის სახელმწიფო უნივერსიტეტის მთავარი ბიბლიოთეკა ბათუმის შოთა რუსთაველის სახელმწიფო უნივერსიტეტის მთავარი ბიბლიოთეკა წიგნსაცავი 2021-11-08 18.00 796.5(075.8) ბ–707 22806 2021-11-08 22806 2021-11-08 წიგნი 18 ლ.
          ბათუმის შოთა რუსთაველის სახელმწიფო უნივერსიტეტის მთავარი ბიბლიოთეკა ბათუმის შოთა რუსთაველის სახელმწიფო უნივერსიტეტის მთავარი ბიბლიოთეკა წიგნსაცავი 2021-11-08 18.00 796.5(075.8) ბ–707 22807 2021-11-08 22807 2021-11-08 წიგნი 18 ლ.
          ბათუმის შოთა რუსთაველის სახელმწიფო უნივერსიტეტის მთავარი ბიბლიოთეკა ბათუმის შოთა რუსთაველის სახელმწიფო უნივერსიტეტის მთავარი ბიბლიოთეკა წიგნსაცავი 2021-11-08 18.00 796.5(075.8) ბ–707 22808 2021-11-08 22808 2021-11-08 წიგნი 18 ლ.
          ბათუმის შოთა რუსთაველის სახელმწიფო უნივერსიტეტის მთავარი ბიბლიოთეკა ბათუმის შოთა რუსთაველის სახელმწიფო უნივერსიტეტის მთავარი ბიბლიოთეკა წიგნსაცავი 2021-11-08 18.00 796.5(075.8) ბ–707 22809 2021-11-08 22809 2021-11-08 წიგნი 18 ლ.
          ბათუმის შოთა რუსთაველის სახელმწიფო უნივერსიტეტის მთავარი ბიბლიოთეკა ბათუმის შოთა რუსთაველის სახელმწიფო უნივერსიტეტის მთავარი ბიბლიოთეკა წიგნსაცავი 2021-11-08 18.00 796.5(075.8) ბ–707 22810 2021-11-08 22810 2021-11-08 წიგნი 18 ლ.